|
|
|
|
| LEADER |
01268nam a2200337 a 4500 |
| 001 |
AAL1515 |
| 003 |
BD-DhAAL |
| 005 |
20160210173107.0 |
| 008 |
150212s1994 nyua b 001 0 eng |
| 010 |
|
|
|a 93025016
|
| 020 |
|
|
|a 0070378797 (acidfree paper)
|
| 040 |
|
|
|a DLC
|c DLC
|d DLC
|d BD-DhAAL
|
| 050 |
0 |
0 |
|a HM51
|b .L52 1994
|
| 082 |
0 |
0 |
|a 301
|2 20
|
| 999 |
|
|
|c 33680
|d 33680
|
| 999 |
|
|
|c 33680
|
| 100 |
1 |
|
|a Calhoun, Craig J.,
|d 1952-
|9 8341
|
| 245 |
1 |
0 |
|a Sociology /
|c Craig Calhoun, Donald Light, Suzanne Keller.
|
| 250 |
|
|
|a 6th ed.
|
| 260 |
|
|
|a New York :
|b McGraw-Hill,
|c c1994.
|
| 300 |
|
|
|a xxvii, 651 p. :
|b ill. (some col.) ;
|c 26 cm.
|
| 500 |
|
|
|a Rev. ed. of: Sociology / Donald Light, Jr., Suzanne Keller, Craig Calhoun. 5th ed. 1989.
|
| 504 |
|
|
|a Includes bibliographical references (p. [593]-618) and indexes.
|
| 541 |
|
|
|e 1515
|
| 650 |
|
0 |
|a Sociology.
|9 8342
|
| 651 |
|
0 |
|a United States
|x Social conditions.
|9 8020
|
| 700 |
1 |
|
|a Light, Donald, 1942-
|9 8343
|
| 700 |
1 |
|
|a Keller, Suzanne Infeld,
|d 1927-
|9 8344
|
| 700 |
1 |
|
|a Light, Donald,
|d 1942-
|t Sociology.
|9 8345
|
| 942 |
|
|
|2 ddc
|c BK
|
| 952 |
|
|
|0 0
|1 0
|2 ddc
|4 0
|6 301_000000000000000_CAL
|7 0
|9 52609
|a SCL
|b SCL
|c GEN
|d 2015-02-12
|e Gift: The Asia Foundation
|l 0
|o 301 CAL
|p 3020001515
|r 2015-02-12
|t 1
|w 2015-02-12
|y BK
|